Sports Quiz

Random Sports or MLB Quiz

MLB Leading the Pack (Saves) Quiz Stats

 Plays Quiz not verified by Sporcle

Score 0/45 Timer 05:00
0 Plays Today
Difference (year) Player % Correct
+6 Saves (2017)Kenley Jansen
100%
+5 Saves (2001)Mariano Rivera
97.8%
+4 Saves (2004)Mariano Rivera
97.8%
+9 Saves (1990)Dennis Eckersley
90.5%
+8 Saves (1992)Dennis Eckersley
90.5%
+10 Saves (2003)Eric Gagne
89.8%
+18 Saves (2008)Francisco Rodriguez
88.7%
+8 Saves (1992)Lee Smith
77.2%
+4 Saves (1987)Lee Smith
77.2%
+9 Saves (1990)Bobby Thigpen
70.4%
+12 Saves (1983)Dan Quisenberry
68.6%
+4 Saves (1985)Dan Quisenberry
68.5%
+10 Saves (2003)John Smoltz
68.4%
+4 Saves (2016)Kenley Jansen
63.4%
+5 Saves (1979)Bruce Sutter
61.9%
+4 Saves (1977)Bruce Sutter
61.9%
+4 Saves (2016)Jeurys Familia
57.8%
+4 Saves (2016)Mark Melancon
53.1%
+8 Saves (1995)Jose Mesa
52%
+5 Saves (2001)Robb Nen
51.9%
+4 Saves (2016)Zach Britton
50.4%
+10 Saves (1986)Dave Righetti
48.9%
+6 Saves (1978)Rollie Fingers
47.6%
Difference (year) Player % Correct
+4 Saves (1977)Rollie Fingers
47.6%
+5 Saves (1993)Rod Beck
45.6%
+6 Saves (1989)Mark Davis
41.3%
+4 Saves (1985)Jeff Reardon
41.2%
+14 Saves (2018)Wade Davis
40%
+8 Saves (1995)Randy Myers
39.2%
+5 Saves (1993)Randy Myers
39.2%
+6 Saves (1978)Kent Tekulve
38.5%
+4 Saves (1987)Steve Bedrosian
38%
+5 Saves (2001)Kazuhiro Sasaki
35%
+12 Saves (1983)Bob Stanley
31.1%
+10 Saves (1986)Todd Worrell
30.4%
+18 Saves (2008)Jose Valverde
23.5%
+4 Saves (2004)Francisco Cordero
20.3%
+6 Saves (2017)Alex Colome
20%
+6 Saves (2017)Greg Holland
20%
+14 Saves (2018)Edwin Diaz
20%
+7 Saves (1973)John Hiller
19.8%
+7 Saves (1973)Mike Marshall
19.3%
+5 Saves (1979)Mike Marshall
19.3%
+6 Saves (1989)Jeff Russell
15.7%
+4 Saves (1977)Bill Campbell
9.7%

You're not logged in!

Compare scores with friends on all Sporcle quizzes.
Join for Free
OR
Log In

You Might Also Like...

Show Comments

Extras

Top Quizzes Today


Score Distribution

Your Account Isn't Verified!

In order to create a playlist on Sporcle, you need to verify the email address you used during registration. Go to your Sporcle Settings to finish the process.

Report this User

Report this user for behavior that violates our Community Guidelines.

Details: